| 000 | 00619nam a2200217Ia 4500 | ||
|---|---|---|---|
| 005 | 20241216010809.0 | ||
| 008 | 181213s9999||||xx |||||||||||||| ||und|| | ||
| 020 | _a968-36-0873-6 | ||
| 082 |
_a630 _bT73 |
||
| 100 | _aTORRES TORRES, FELIPE | ||
| 245 | 0 | _aPRODUCCION AGROALIMENTARIA EN AMERICA LATINA Y MEXICO, LA OLA BIOTECNOLOGICA Y LOS RETOS DE LA | |
| 250 | _a0 | ||
| 260 |
_aMEXICO _bUNIV.NAC.AUTON.MEXICO _c1989 |
||
| 300 |
_a70 pag _c22 cm |
||
| 341 | _h0 | ||
| 490 |
_v0 _a0 |
||
| 505 | _aTECNOLOGIA-AGRICULTURA-BIOTECNOLOGIA | ||
| 541 |
_aC _d28-Sep-95 |
||
| 650 | _aCIENCIAS APLICADAS | ||
| 942 | _cLIBRO | ||
| 999 |
_c24282 _d24282 |
||